[Event "Bodensee op Seniors 4th"]
[Site "Bregenz"]
[Date "2018.05.10"]
[Round "5"]
[White "Kalegin, Evgenij"]
[Black "Kraidman, Yair"]
[Result "1-0"]
[WhiteElo "2418"]
[BlackElo "2254"]
[PlyCount "43"]
[EventDate "2018.05.06"]
[EventType "swiss"]
[EventRounds "7"]
[EventCountry "AUT"]
[SourceTitle "CBM 184 Extra"]
[Source "ChessBase"]
[SourceDate "2018.06.28"]
[SourceVersion "1"]
[SourceVersionDate "2018.06.28"]
[SourceQuality "1"]

1. e4 c5 2. Nf3 g6 3. c3 d5 4. e5 Nc6 5. d4 e6 6. Bd3 Bg7 7. h4 h5 8. 0-0 Nge7 9. Re1 Qc7 10. Bg5 Bd7 11. Qd2 Nf5 12. Bxf5 gxf5 13. Na3 Ne7 14. c4 cxd4 15. Nxd4 a6 16. Bxe7 Kxe7 17. cxd5 Bxe5 18. dxe6 fxe6 19. Nxf5+ exf5 20. Rac1 Qd6 21. Qxd6+ Kxd6 22. Nc4+ 1-0

[Event "Vienna op 18th"]
[Site "Vienna"]
[Date "2013.08.22"]
[Round "6"]
[White "Kraidman, Yair"]
[Black "Guido, Flavio"]
[Result "1-0"]
[WhiteElo "2254"]
[BlackElo "2418"]
[PlyCount "49"]
[EventDate "2013.08.17"]
[EventType "swiss"]
[EventRounds "9"]
[EventCountry "AUT"]
[SourceTitle "CBM 156 Extra"]
[Source "ChessBase"]
[SourceDate "2013.10.22"]
[SourceVersion "1"]
[SourceVersionDate "2013.10.22"]
[SourceQuality "1"]

1. d4 Nf6 2. c4 g6 3. Nc3 d5 4. Nf3 Bg7 5. Bf4 0-0 6. Rc1 c5 7. dxc5 dxc4 8. Qxd8 Rxd8 9. e4 Na6 10. e5 Nh5 11. Be3 Bg4 12. Bxc4 Bxf3 13. gxf3 Bxe5 14. c6 Nc7 15. cxb7 Rab8 16. b3 Rxb7 17. Ke2 Nf4+ 18. Bxf4 Bxf4 19. Rcd1 Rxd1 20. Rxd1 Bxh2 21. Rd7 Kf8 22. Nd5 Bd6 23. Ba6 Ke8 24. Rxd6 Nxd5 25. Rxd5 1-0

[Event "EU-ch Seniors 12th"]
[Site "Kaunas"]
[Date "2012.08.24"]
[Round "7"]
[White "Rositsan, Boris"]
[Black "Kraidman, Yair"]
[Result "1/2-1/2"]
[WhiteElo "2144"]
[BlackElo "2253"]
[PlyCount "52"]
[EventDate "2012.08.18"]
[EventType "swiss"]
[EventRounds "9"]
[EventCountry "LTU"]
[SourceTitle "CBM 150 Extra"]
[Source "ChessBase"]
[SourceDate "2012.10.19"]
[SourceVersion "1"]
[SourceVersionDate "2012.10.19"]
[SourceQuality "1"]

1. e4 c5 2. Nf3 g6 3. d4 cxd4 4. Nxd4 Bg7 5. Be3 Nc6 6. Nc3 Nf6 7. g3 Ng4 8. Qxg4 Nxd4 9. Qd1 Ne6 10. Bg2 Qa5 11. Qd2 d6 12. 0-0 Bxc3 13. bxc3 0-0 14. f4 Ng7 15. f5 gxf5 16. Bh6 fxe4 17. Bxe4 Qh5 18. Rab1 Rb8 19. Rb4 Bh3 20. Bxh7+ Kxh7 21. Rh4 Qxh4 22. gxh4 Bxf1 23. Bxg7 Kxg7 24. Qg5+ Kh7 25. Qh5+ Kg7 26. Qg5+ Kh7 1/2-1/2

[Event "EU-ch Seniors 12th"]
[Site "Kaunas"]
[Date "2012.08.23"]
[Round "6"]
[White "Kraidman, Yair"]
[Black "Malmdin, Nils Ake"]
[Result "1/2-1/2"]
[WhiteElo "2253"]
[BlackElo "2297"]
[PlyCount "69"]
[EventDate "2012.08.18"]
[EventType "swiss"]
[EventRounds "9"]
[EventCountry "LTU"]
[SourceTitle "CBM 150 Extra"]
[Source "ChessBase"]
[SourceDate "2012.10.19"]
[SourceVersion "1"]
[SourceVersionDate "2012.10.19"]
[SourceQuality "1"]

1. d4 c5 2. d5 Nf6 3. Nc3 g6 4. e4 d6 5. Nf3 Bg7 6. Be2 0-0 7. 0-0 Na6 8. Nd2 Nc7 9. a4 Na6 10. Nc4 Nb4 11. Be3 b6 12. f3 Nd7 13. Nb1 Ne5 14. c3 Nxc4 15. Bxc4 Na6 16. a5 bxa5 17. Qa4 Nc7 18. Qxa5 Rb8 19. Ra2 Rb7 20. b4 cxb4 21. cxb4 Bd7 22. Rc1 Qb8 23. Bd3 Nb5 24. Bxb5 Bxb5 25. Na3 a6 26. Rac2 f5 27. Nxb5 Rxb5 28. Qxa6 fxe4 29. fxe4 Rxb4 30. Rc8 Qb7 31. Rxf8+ Kxf8 32. Qe2 Kg8 33. Qg4 Rb1 34. Qe6+ Kf8 35. Kf2 1/2-1/2

[Event "EU-ch Seniors 12th"]
[Site "Kaunas"]
[Date "2012.08.19"]
[Round "2"]
[White "Kraidman, Yair"]
[Black "Sevenyuk, Alexey"]
[Result "1-0"]
[WhiteElo "2253"]
[BlackElo "1925"]
[PlyCount "57"]
[EventDate "2012.08.18"]
[EventType "swiss"]
[EventRounds "9"]
[EventCountry "LTU"]
[SourceTitle "CBM 150 Extra"]
[Source "ChessBase"]
[SourceDate "2012.10.19"]
[SourceVersion "1"]
[SourceVersionDate "2012.10.19"]
[SourceQuality "1"]

1. d4 d5 2. Nf3 c6 3. Bf4 e6 4. e3 Bd6 5. Bxd6 Qxd6 6. Nbd2 f5 7. c4 Nf6 8. Qc2 Nbd7 9. cxd5 cxd5 10. Bd3 0-0 11. 0-0 Ne4 12. Rfc1 Ndf6 13. Ne5 Nxd2 14. Qxd2 Bd7 15. Rc3 Rac8 16. Rac1 Rxc3 17. Qxc3 g5 18. Qc7 Qxc7 19. Rxc7 Bc8 20. f3 g4 21. Kf2 gxf3 22. gxf3 Ne4+ 23. Bxe4 fxe4 24. f4 a5 25. h4 b6 26. h5 Ba6 27. Ra7 Bd3 28. h6 Rc8 29. Kg3 1-0

[Event "EU-chT Seniors"]
[Site "Thessaloniki"]
[Date "2011.05.03"]
[Round "1"]
[White "Kraidman, Yair"]
[Black "Kristjansson, Sigurdur"]
[Result "1-0"]
[WhiteElo "2260"]
[BlackElo "1945"]
[PlyCount "161"]
[EventDate "2011.05.03"]
[EventType "team-swiss"]
[EventRounds "9"]
[EventCountry "GRE"]
[SourceTitle "CBM 142 Extra"]
[Source "ChessBase"]
[SourceDate "2011.06.27"]
[SourceVersion "1"]
[SourceVersionDate "2011.06.27"]
[SourceQuality "1"]
[WhiteTeam "Israel"]
[BlackTeam "Iceland"]
[WhiteTeamCountry "ISR"]
[BlackTeamCountry "ISL"]

1. d4 f5 2. c4 Nf6 3. Nf3 g6 4. g3 Bg7 5. Bg2 c6 6. 0-0 0-0 7. Nc3 e6 8. Bf4 d5 9. Qb3 h6 10. Rad1 Kh7 11. h4 Nbd7 12. cxd5 exd5 13. Ne5 Nxe5 14. Bxe5 Re8 15. e3 Qe7 16. Ne2 Bf8 17. f3 Nd7 18. f4 Nxe5 19. fxe5 h5 20. Nf4 Bh6 21. Rc1 Bxf4 22. exf4 Be6 23. Rf3 Rec8 24. Rfc3 Qd7 25. Bf1 a6 26. Be2 Rc7 27. Qb6 Rac8 28. b4 Qe7 29. a4 Kg7 30. Rc5 Bf7 31. Bf3 Kh6 32. Kg2 Qd7 33. Kh2 Qe7 34. Bg2 Qd7 35. R1c2 Qe7 36. Kh3 Qd7 37. b5 axb5 38. axb5 Kh7 39. Qa5 Qe7 40. Qc3 Kh6 41. Bf1 Be8 42. b6 Rd7 43. Ra2 Rdd8 44. Ra7 Rb8 45. Bd3 Ra8 46. Rca5 Rab8 47. Kg2 Rdc8 48. Kf2 Bd7 49. Qc5 Qxc5 50. dxc5 Rd8 51. Ke3 Kg7 52. Kd4 Kf7 53. Bc2 Ke6 54. Ra1 Rf8 55. Bd3 Rfd8 56. Kc3 Ke7 57. Kb4 Be6 58. Ka5 Bc8 59. Bb5 Bd7 60. Ba4 Ke6 61. Kb4 Be8 62. Bc2 Bd7 63. Bd3 Ke7 64. Ka5 Ke6 65. Re1 Bc8 66. Kb4 Bd7 67. Bf1 Bc8 68. Rd1 Bd7 69. Bd3 Rf8 70. Rh1 Rh8 71. Kc3 Ke7 72. Ba6 bxa6 73. e6 Kxe6 74. Re1+ Kf6 75. Rxd7 Rhe8 76. Rd6+ Kf7 77. Rxe8 Rxe8 78. Rxc6 a5 79. Kd4 a4 80. Rc7+ Ke6 81. Ra7 1-0

[Event "Albena op"]
[Site "Albena"]
[Date "2010.06.10"]
[Round "8"]
[White "Aseeva, Marina"]
[Black "Kraidman, Yair"]
[Result "1-0"]
[WhiteElo "2162"]
[BlackElo "2276"]
[PlyCount "51"]
[EventDate "2010.06.03"]
[EventType "swiss"]
[EventRounds "9"]
[EventCountry "BUL"]
[SourceTitle "CBM 136 Extra"]
[Source "ChessBase"]
[SourceDate "2010.07.02"]
[SourceVersion "2"]
[SourceVersionDate "2010.07.15"]
[SourceQuality "1"]

1. e4 g6 2. d4 Bg7 3. Nc3 d6 4. Be3 Nc6 5. d5 Bxc3+ 6. bxc3 Ne5 7. f4 Nd7 8. Bd4 f6 9. Nf3 c5 10. Be3 Nh6 11. Bd3 Qa5 12. Bd2 Nb6 13. c4 Qa4 14. Qe2 Bg4 15. 0-0 0-0-0 16. e5 Nf5 17. Bc3 fxe5 18. fxe5 Rhf8 19. Qe4 Bxf3 20. Rxf3 dxe5 21. Raf1 Nd7 22. Bxe5 Rfe8 23. Bc3 Nd6 24. Qh4 Qa3 25. Bg7 Qxa2 26. Ra1 1-0

[Event "Albena op"]
[Site "Albena"]
[Date "2010.06.08"]
[Round "6"]
[White "Panaiotov, Janko"]
[Black "Kraidman, Yair"]
[Result "1-0"]
[WhiteElo "2192"]
[BlackElo "2276"]
[PlyCount "99"]
[EventDate "2010.06.03"]
[EventType "swiss"]
[EventRounds "9"]
[EventCountry "BUL"]
[SourceTitle "CBM 136 Extra"]
[Source "ChessBase"]
[SourceDate "2010.07.02"]
[SourceVersion "2"]
[SourceVersionDate "2010.07.15"]
[SourceQuality "1"]

1. e4 c5 2. Nf3 g6 3. d4 cxd4 4. Nxd4 Bg7 5. Nc3 Nc6 6. Nde2 Nf6 7. g3 d6 8. h3 0-0 9. Bg2 Be6 10. 0-0 Qd7 11. Kh2 Rfd8 12. Nd5 Bxd5 13. exd5 Nb4 14. c3 Na6 15. Nd4 Nc7 16. c4 e5 17. dxe6 Nxe6 18. Nxe6 fxe6 19. Qb3 d5 20. cxd5 Nxd5 21. Bg5 Rf8 22. Rad1 Rf5 23. h4 Qf7 24. Rd2 h6 25. Be3 Nxe3 26. Qxe3 a6 27. Be4 Rb5 28. Qe2 g5 29. hxg5 Rxg5 30. Kg2 Rb5 31. Rfd1 Rf8 32. b3 Qf6 33. Rd7 Rf7 34. Rxf7 Qxf7 35. Rd8+ Bf8 36. Bd3 Rg5 37. Bc4 Rg6 38. a4 Rf6 39. Qg4+ Rg6 40. Qe4 Rf6 41. f4 Kh8 42. Rb8 Qg8 43. Rxb7 Rg6 44. Qe5+ Bg7 45. Qb8 h5 46. f5 Rg5 47. Qxg8+ Kxg8 48. fxe6 Kf8 49. e7+ Ke8 50. Bxa6 1-0

[Event "Wch Seniors 19th"]
[Site "Condino"]
[Date "2009.10.29"]
[Round "3"]
[White "Kraidman, Yair"]
[Black "Chernikov, Oleg L"]
[Result "0-1"]
[WhiteElo "2271"]
[BlackElo "2405"]
[PlyCount "148"]
[EventDate "2009.10.27"]
[EventType "swiss"]
[EventRounds "11"]
[EventCountry "ITA"]
[SourceTitle "EXT 2010"]
[Source "ChessBase"]
[SourceDate "2010.11.25"]
[SourceVersion "1"]
[SourceVersionDate "2010.11.25"]
[SourceQuality "1"]

1. d4 Nf6 2. c4 c6 3. Nf3 b5 4. cxb5 cxb5 5. g3 Bb7 6. Bg2 e6 7. 0-0 Be7 8. Bg5 0-0 9. Nbd2 d5 10. Ne5 Nbd7 11. Nd3 h6 12. Bxf6 Nxf6 13. Nb3 Qb6 14. Nbc5 b4 15. a3 a5 16. axb4 axb4 17. Qd2 Ba6 18. Nxb4 Bxe2 19. Rxa8 Rxa8 20. Re1 Bc4 21. Qc3 Rb8 22. Nbd3 Bxd3 23. Nxd3 Bb4 24. Nxb4 Qxb4 25. h3 Qxb2 26. Qc7 Ra8 27. Qf4 Ra4 28. Rd1 Ra2 29. g4 Ra8 30. h4 Qb8 31. Qf3 Qd6 32. g5 hxg5 33. hxg5 Nh7 34. g6 fxg6 35. Qg4 Kf7 36. Rb1 Ra7 37. Bh3 Nf6 38. Qf3 Kg8 39. Re1 Re7 40. Qd3 Kf7 41. Qf3 Kg8 42. Qd3 e5 43. dxe5 Rxe5 44. Rxe5 Qxe5 45. Qxg6 Kf8 46. Qc2 Kf7 47. Bf5 g5 48. Qc8 Ne4 49. Qd7+ Kf6 50. Bxe4 Qxe4 51. Kf1 Ke5 52. Qf7 Qd3+ 53. Kg2 Qe4+ 54. Kf1 Qc4+ 55. Ke1 Qb4+ 56. Ke2 Qg4+ 57. Ke1 Qe6 58. Qh5 Kd4+ 59. Kf1 Qf5 60. Qh8+ Kc4 61. Qa8 Qb1+ 62. Kg2 Qe4+ 63. Kf1 Kb3 64. Kg1 g4 65. Qb7+ Kc2 66. Qa7 Qe1+ 67. Kg2 Qe4+ 68. Kg1 Qc4 69. Kg2 d4 70. Qg7 Kc3 71. Qxg4 d3 72. Qg7+ Kc2 73. Kf1 Kb1 74. Qh7 Kc2 0-1

[Event "Leros Artemis Cup 1st"]
[Site "Leros"]
[Date "2009.07.19"]
[Round "9"]
[White "Kraidman, Yair"]
[Black "Frandzeskakis, Kiriakos"]
[Result "1-0"]
[WhiteElo "2259"]
[BlackElo "2137"]
[PlyCount "61"]
[EventDate "2009.07.11"]
[EventType "swiss"]
[EventRounds "9"]
[EventCountry "GRE"]
[SourceTitle "CBM 131 Extra"]
[Source "ChessBase"]
[SourceDate "2009.09.03"]
[SourceVersion "2"]
[SourceVersionDate "2009.09.16"]
[SourceQuality "1"]

1. d4 e6 2. c4 Nf6 3. Nf3 c5 4. e3 d5 5. Nc3 a6 6. cxd5 exd5 7. a3 Nc6 8. Be2 Bd6 9. dxc5 Bxc5 10. b4 Ba7 11. Bb2 0-0 12. 0-0 Bg4 13. b5 Na5 14. bxa6 bxa6 15. Na2 Nc4 16. Bxf6 Qxf6 17. Nb4 Nb2 18. Nxd5 Nxd1 19. Nxf6+ gxf6 20. Rfxd1 Bc5 21. h3 Be6 22. Nd4 Bxd4 23. Rxd4 Rfc8 24. Rb1 Rc3 25. a4 a5 26. Rb5 Ra6 27. Bg4 Bb3 28. Bf3 Ra7 29. Rb8+ Kg7 30. Rg4+ Kh6 31. Rbg8 1-0

[Event "Leros Artemis Cup 1st"]
[Site "Leros"]
[Date "2009.07.12"]
[Round "2"]
[White "Gelashvili, Tamaz"]
[Black "Kraidman, Yair"]
[Result "1-0"]
[WhiteElo "2605"]
[BlackElo "2259"]
[PlyCount "61"]
[EventDate "2009.07.11"]
[EventType "swiss"]
[EventRounds "9"]
[EventCountry "GRE"]
[SourceTitle "CBM 131 Extra"]
[Source "ChessBase"]
[SourceDate "2009.09.03"]
[SourceVersion "2"]
[SourceVersionDate "2009.09.16"]
[SourceQuality "1"]

1. e4 g6 2. d4 Bg7 3. Nc3 d6 4. h4 h5 5. Nf3 Bg4 6. Be2 Nc6 7. Be3 e5 8. dxe5 Bxf3 9. Bxf3 Bxe5 10. Qd2 Nf6 11. 0-0-0 Qd7 12. Be2 Ng4 13. Bxg4 hxg4 14. Nd5 Ne7 15. Qa5 Nxd5 16. Rxd5 Rh5 17. Qa3 a6 18. Rhd1 0-0-0 19. g3 Re8 20. Bg5 f6 21. Be3 f5 22. exf5 Rxf5 23. R1d3 Rf3 24. Rb3 c6 25. Rdd3 Qe6 26. Qa5 d5 27. Qe1 Bc7 28. Qb4 Qd7 29. Qd4 Bd6 30. Qa7 Qe7 31. Rd1 1-0

[Event "EU-ch Seniors 08th"]
[Site "Davos"]
[Date "2008.08.12"]
[Round "4"]
[White "Kraidman, Yair"]
[Black "Cebalo, Miso"]
[Result "0-1"]
[WhiteElo "2280"]
[BlackElo "2523"]
[PlyCount "118"]
[EventDate "2008.08.09"]
[EventType "swiss"]
[EventRounds "9"]
[EventCountry "SUI"]
[SourceTitle "CBM 126 Extra"]
[Source "ChessBase"]
[SourceDate "2008.11.05"]
[SourceVersion "1"]
[SourceVersionDate "2008.11.05"]
[SourceQuality "1"]

1. d4 Nf6 2. c4 e6 3. Nf3 c5 4. e3 b6 5. Nc3 Bb7 6. Be2 Be7 7. 0-0 0-0 8. b3 a6 9. Bb2 d6 10. Qc2 Nbd7 11. Rfd1 Re8 12. a4 cxd4 13. Nxd4 Rc8 14. Bf3 Bxf3 15. Nxf3 Qc7 16. Rac1 Qb7 17. Ba3 Nc5 18. Bxc5 bxc5 19. e4 Nd7 20. Rd3 Rc6 21. Rcd1 f6 22. Nd2 Ne5 23. Rh3 g5 24. Ne2 Ng6 25. Rf1 Bf8 26. f4 gxf4 27. Nxf4 Bg7 28. Qd3 Qf7 29. Qf3 Rc7 30. Qh5 Nf8 31. Qg4 f5 32. Qg3 Qf6 33. Nh5 Qd4+ 34. Rf2 Rf7 35. Nf3 Qxe4 36. Nxg7 Rxg7 37. Qxd6 Qb1+ 38. Rf1 Qxb3 39. Qxc5 Qxa4 40. Rg3 Ng6 41. Ne5 a5 42. Nxg6 Rxg6 43. Ra3 Qb4 44. Rxa5 Qb7 45. Ra2 Rc8 46. Qd4 Qc6 47. Rd1 Rg4 48. Qd7 Qxd7 49. Rxd7 Rg7 50. Rd6 Re7 51. Rd4 Kf7 52. Rh4 Kg6 53. g3 Rc6 54. Ra8 Rd7 55. Rg8+ Kf6 56. g4 f4 57. g5+ Ke5 58. Kg2 Rxc4 59. Rh5 Rd2+ 0-1

[Event "EU-ch Seniors 08th"]
[Site "Davos"]
[Date "2008.08.10"]
[Round "2"]
[White "Khropova, Larisa"]
[Black "Kraidman, Yair"]
[Result "0-1"]
[WhiteElo "2018"]
[BlackElo "2280"]
[PlyCount "80"]
[EventDate "2008.08.09"]
[EventType "swiss"]
[EventRounds "9"]
[EventCountry "SUI"]
[SourceTitle "CBM 126 Extra"]
[Source "ChessBase"]
[SourceDate "2008.11.05"]
[SourceVersion "1"]
[SourceVersionDate "2008.11.05"]
[SourceQuality "1"]

1. d4 d5 2. Nf3 Nf6 3. Bf4 c6 4. Nbd2 g6 5. e3 Bg7 6. h3 0-0 7. Bd3 Nbd7 8. 0-0 c5 9. c3 Qb6 10. Rb1 Qc6 11. Ne5 Nxe5 12. Bxe5 c4 13. Bc2 b5 14. Bxf6 Bxf6 15. e4 e6 16. e5 Bg7 17. f4 a5 18. g4 Ra6 19. g5 h5 20. gxh6 Bxh6 21. Qg4 Ra7 22. Kh2 Qe8 23. Rg1 Kh7 24. Nf3 f5 25. exf6 Rxf6 26. Ne5 Bxf4+ 27. Kh1 Bxe5 28. dxe5 Rf5 29. Qh4+ Kg8 30. Bxf5 exf5 31. Qf6 Ra6 32. e6 Rxe6 33. Qxf5 Bb7 34. Qf3 Bc6 35. Rg2 d4 36. Qg3 Re2 37. Rbg1 d3 38. h4 d2 39. Kh2 Rxg2+ 40. Rxg2 d1Q 0-1

[Event "Benidorm op 21st"]
[Site "Benidorm"]
[Date "2008.04.26"]
[Round "2"]
[White "Burmakin, Vladimir"]
[Black "Kraidman, Yair"]
[Result "1-0"]
[WhiteElo "2615"]
[BlackElo "2278"]
[PlyCount "105"]
[EventDate "2008.04.25"]
[EventType "swiss"]
[EventRounds "10"]
[EventCountry "ESP"]
[SourceTitle "CBM 123 Extra"]
[Source "ChessBase"]
[SourceDate "2008.05.06"]
[SourceVersion "1"]
[SourceVersionDate "2008.05.06"]
[SourceQuality "1"]

1. d4 d5 2. c4 c6 3. Nf3 Nf6 4. Qb3 Qb6 5. Nc3 Qxb3 6. axb3 Bf5 7. c5 e6 8. Bf4 a6 9. b4 Be7 10. e3 0-0 11. b5 Ne4 12. Nxe4 Bxe4 13. Nd2 cxb5 14. Nxe4 dxe4 15. Bxb5 Nc6 16. Bxc6 bxc6 17. Kd2 Ra7 18. Ra4 Rfa8 19. Rha1 Bd8 20. f3 exf3 21. gxf3 Kf8 22. e4 Ke8 23. Kc2 Kd7 24. Be3 a5 25. b4 f5 26. Bd2 fxe4 27. fxe4 Bc7 28. bxa5 Rf8 29. Rg1 g6 30. Rg2 Rf3 31. a6 Rh3 32. Rf2 Ke8 33. e5 Bd8 34. Rg2 Bh4 35. Kd1 Be7 36. Kc2 Rf3 37. Bc3 Kd7 38. Kb3 Rf8 39. Kc4 Rfa8 40. Rga2 Ke8 41. Kd3 Kf7 42. Rb4 Ke8 43. Rb6 Kd7 44. Rf2 Rxa6 45. Rf7 R8a7 46. Rxh7 Ra2 47. Rb3 Rg2 48. Bd2 g5 49. Be3 Ke8 50. Ke4 Rg4+ 51. Kf3 Rh4 52. Rb8+ Kd7 53. Rxe7+ 1-0

[Event "Sachsen-ch Seniors"]
[Site "Dresden"]
[Date "2007.08.??"]
[Round "2"]
[White "Hein, Burkhard"]
[Black "Kraidman, Yair"]
[Result "0-1"]
[WhiteElo "1871"]
[BlackElo "2277"]
[PlyCount "62"]
[EventDate "2007.07.28"]
[EventType "swiss"]
[EventRounds "9"]
[EventCountry "GER"]
[SourceTitle "EXT 2008"]
[Source "ChessBase"]
[SourceDate "2007.11.25"]
[SourceVersion "1"]
[SourceVersionDate "2007.11.25"]
[SourceQuality "1"]

1. e4 c5 2. Nf3 g6 3. c3 d5 4. exd5 Qxd5 5. Bb5+ Bd7 6. Bxd7+ Nxd7 7. d4 Bg7 8. Be3 c4 9. 0-0 Ngf6 10. h3 0-0 11. Qe2 b5 12. Nbd2 Qc6 13. Rfe1 Nd5 14. Nf1 a6 15. Qd2 Rfe8 16. Bh6 Bh8 17. Ne5 Nxe5 18. dxe5 Rad8 19. Qe2 Nc7 20. Qe4 Qxe4 21. Rxe4 Rd5 22. Bf4 Ne6 23. Bg3 Red8 24. f4 Nc5 25. Re2 Bg7 26. Bf2 Nd3 27. g3 e6 28. Bd4 h5 29. h4 Bf8 30. Ne3 R5d7 31. b4 Bxb4 0-1

[Event "Sachsen-ch Seniors"]
[Site "Dresden"]
[Date "2007.08.??"]
[Round "8"]
[White "Kahn, Peter"]
[Black "Kraidman, Yair"]
[Result "1/2-1/2"]
[WhiteElo "2116"]
[BlackElo "2277"]
[PlyCount "75"]
[EventDate "2007.07.28"]
[EventType "swiss"]
[EventRounds "9"]
[EventCountry "GER"]
[SourceTitle "EXT 2008"]
[Source "ChessBase"]
[SourceDate "2007.11.25"]
[SourceVersion "1"]
[SourceVersionDate "2007.11.25"]
[SourceQuality "1"]

1. e4 c5 2. Nf3 g6 3. c3 d5 4. exd5 Qxd5 5. d4 Nc6 6. Be3 cxd4 7. Na3 Bg7 8. Nb5 Qd8 9. Nbxd4 Nxd4 10. Bxd4 Nf6 11. Bb5+ Bd7 12. Qa4 0-0 13. Bxd7 Qxd7 14. Qxd7 Nxd7 15. Bxg7 Kxg7 16. 0-0-0 Rfd8 17. Rhe1 Kf8 18. Rd4 Nc5 19. Red1 Rxd4 20. Rxd4 Ne6 21. Rd2 f6 22. Nd4 Kf7 23. Nxe6 Kxe6 24. Kc2 Rc8 25. Re2+ Kd6 26. Rd2+ Kc6 27. c4 a5 28. Kc3 b6 29. a3 e5 30. b4 axb4+ 31. axb4 Ra8 32. f3 Ra3+ 33. Kc2 f5 34. Kb2 Re3 35. Kc2 h5 36. Rd3 Re1 37. Rd1 Re3 38. Rd3 1/2-1/2

[Event "Sachsen-ch Seniors"]
[Site "Dresden"]
[Date "2007.08.??"]
[Round "1"]
[White "Kraidman, Yair"]
[Black "Hoelting, Siegfried"]
[Result "1-0"]
[WhiteElo "2277"]
[BlackElo "1895"]
[PlyCount "91"]
[EventDate "2007.07.28"]
[EventType "swiss"]
[EventRounds "9"]
[EventCountry "GER"]
[SourceTitle "EXT 2008"]
[Source "ChessBase"]
[SourceDate "2007.11.25"]
[SourceVersion "1"]
[SourceVersionDate "2007.11.25"]
[SourceQuality "1"]

1. d4 Nf6 2. c4 d5 3. cxd5 Qxd5 4. Nc3 Qd8 5. e4 e6 6. Be3 b6 7. f3 Bb7 8. Nh3 Nbd7 9. Nf2 g6 10. Qd2 Bg7 11. Be2 0-0 12. 0-0 Rc8 13. Rfd1 Qe7 14. Bg5 Qe8 15. Rac1 c6 16. e5 Nd5 17. Nfe4 Ra8 18. Nd6 Qb8 19. Nxd5 exd5 20. Be7 Qc7 21. Bxf8 Rxf8 22. Nxb7 Qxb7 23. f4 b5 24. Qc2 Nb8 25. b4 Qe7 26. a3 f6 27. Rf1 f5 28. Bf3 Rd8 29. Qb3 a6 30. Rfd1 Kh8 31. g3 Bf8 32. Rc2 Qe6 33. Kg2 Kg7 34. a4 Qe7 35. Rb2 Nd7 36. Rc1 Qe6 37. Rbc2 Nb8 38. axb5 axb5 39. Ra2 Qe7 40. Rb1 h5 41. Ra8 Kh6 42. Qa3 Nd7 43. Ra7 Qe6 44. Rc7 Be7 45. Qa7 Kg7 46. Qb7 1-0

[Event "Sachsen-ch Seniors"]
[Site "Dresden"]
[Date "2007.08.??"]
[Round "5"]
[White "Kraidman, Yair"]
[Black "Schmidt, Gerhard"]
[Result "1-0"]
[WhiteElo "2277"]
[BlackElo "2256"]
[PlyCount "49"]
[EventDate "2007.07.28"]
[EventType "swiss"]
[EventRounds "9"]
[EventCountry "GER"]
[SourceTitle "EXT 2008"]
[Source "ChessBase"]
[SourceDate "2007.11.25"]
[SourceVersion "1"]
[SourceVersionDate "2007.11.25"]
[SourceQuality "1"]

1. d4 d5 2. Nf3 Nf6 3. Bf4 e6 4. e3 Be7 5. c4 0-0 6. Nc3 Nbd7 7. cxd5 Nxd5 8. Nxd5 exd5 9. Bd3 Nf6 10. 0-0 Bg4 11. Qb3 Bxf3 12. gxf3 Qc8 13. Rac1 c6 14. Kh1 Nh5 15. Be5 f6 16. Bg3 f5 17. Be5 f4 18. Kg2 fxe3 19. fxe3 Bf6 20. Qc2 Bxe5 21. Bxh7+ Kh8 22. dxe5 Qd8 23. Bg6 Qh4 24. f4 d4 25. Qe2 1-0

[Event "EU-ch Seniors 06th"]
[Site "Davos"]
[Date "2006.08.08"]
[Round "4"]
[White "Kraidman, Yair"]
[Black "Rubinstein, Mark"]
[Result "1-0"]
[WhiteElo "2291"]
[BlackElo "1981"]
[PlyCount "57"]
[EventDate "2006.08.05"]
[EventType "swiss"]
[EventRounds "9"]
[EventCountry "SUI"]
[SourceTitle "CBM 113 Extra"]
[Source "ChessBase"]
[SourceDate "2006.09.14"]
[SourceVersion "1"]
[SourceVersionDate "2006.09.14"]
[SourceQuality "1"]

1. d4 d5 2. Nf3 Nf6 3. c4 c6 4. e3 Bf5 5. Nc3 e6 6. Be2 Nbd7 7. 0-0 dxc4 8. Bxc4 Bd6 9. h3 b5 10. Bd3 Bxd3 11. Qxd3 b4 12. Ne4 Nxe4 13. Qxe4 Qb6 14. Bd2 0-0 15. Rfc1 c5 16. dxc5 Bxc5 17. Rc4 a5 18. Rac1 h6 19. Qc2 f6 20. Kf1 e5 21. Ne1 f5 22. Nd3 Be7 23. Rc7 Qd6 24. Qb3+ Rf7 25. R1c6 Nc5 26. Qxf7+ Kxf7 27. Rxd6 Kf8 28. Nxc5 Bxd6 29. Ne6+ 1-0

[Event "EU-ch Seniors 06th"]
[Site "Davos"]
[Date "2006.08.07"]
[Round "3"]
[White "Ziltener, Werner"]
[Black "Kraidman, Yair"]
[Result "1/2-1/2"]
[WhiteElo "2078"]
[BlackElo "2291"]
[PlyCount "103"]
[EventDate "2006.08.05"]
[EventType "swiss"]
[EventRounds "9"]
[EventCountry "SUI"]
[SourceTitle "CBM 113 Extra"]
[Source "ChessBase"]
[SourceDate "2006.09.14"]
[SourceVersion "1"]
[SourceVersionDate "2006.09.14"]
[SourceQuality "1"]

1. d4 d5 2. Nf3 c6 3. c4 Nf6 4. e3 Bg4 5. Nc3 e6 6. Qb3 Qb6 7. Ne5 Bh5 8. c5 Qxb3 9. axb3 Nbd7 10. f4 a6 11. b4 Rc8 12. Bd3 Be7 13. 0-0 Nxe5 14. fxe5 Nd7 15. Ne2 f5 16. Nf4 Bf7 17. Be2 h5 18. Bd2 g5 19. Nh3 Nf8 20. Ra3 h4 21. Kh1 Ng6 22. Bc1 Kd7 23. Bd2 Rcg8 24. Bc1 Nf8 25. Bd2 Nh7 26. Raa1 g4 27. Nf4 Ng5 28. Be1 Rg7 29. Rc1 Rgh7 30. Kg1 g3 31. h3 Ne4 32. Bf3 Bg5 33. Ra1 Bxf4 34. exf4 Bh5 35. Ra3 Rg8 36. Bxh5 Rxh5 37. Rff3 Kc7 38. Ra5 Ra8 39. Ra2 Rhh8 40. Rfa3 Ra7 41. Kf1 Rha8 42. Ke2 b6 43. Ra4 Kb7 44. R4a3 Rg8 45. Kf1 Raa8 46. Ke2 Rgb8 47. Ra4 bxc5 48. bxc5 Kc8 49. b4 Kb7 50. Kf1 Rg8 51. R4a3 Rg7 52. Kg1 1/2-1/2

[Event "EU-ch Seniors 05th"]
[Site "Bad Homburg"]
[Date "2005.??.??"]
[Round "8"]
[White "Frank, Werner"]
[Black "Kraidman, Yair"]
[Result "1-0"]
[WhiteElo "2083"]
[BlackElo "2320"]
[PlyCount "77"]
[EventDate "2005.06.25"]
[EventType "swiss"]
[EventRounds "9"]
[EventCountry "GER"]
[SourceTitle "EXT 2006"]
[Source "ChessBase"]
[SourceDate "2005.11.24"]
[SourceVersion "1"]
[SourceVersionDate "2005.11.24"]
[SourceQuality "1"]

1. e4 c5 2. Nf3 g6 3. d4 cxd4 4. Nxd4 Bg7 5. Nc3 Nc6 6. Be3 Nf6 7. Bc4 Ng4 8. Qxg4 Nxd4 9. Qd1 Ne6 10. 0-0 d6 11. f4 0-0 12. Qd2 Nc5 13. Bd4 Bxd4+ 14. Qxd4 Be6 15. Nd5 Rc8 16. f5 Bxd5 17. Bxd5 Qb6 18. Rf2 e6 19. fxe6 fxe6 20. Rxf8+ Rxf8 21. Bc4 Rf4 22. b4 Rxe4 23. bxc5 Qxc5 24. Qxc5 dxc5 25. Bd3 Ra4 26. Kf2 Kf7 27. Rb1 b6 28. Rb2 Kf6 29. Bb5 Rf4+ 30. Kg3 g5 31. Rb3 h5 32. Rf3 h4+ 33. Kf2 Ke5 34. Rxf4 Kxf4 35. g3+ Ke4 36. Ke2 Kd4 37. Kd2 c4 38. c3+ Ke4 39. a4 1-0